Life of Lord Buddha from Chinese Sutras Illustrated in Ming Woodcuts/ (Record no. 197296)

MARC details
000 -LEADER
fixed length control field 00769nam a22002057a 4500
005 - DATE AND TIME OF LATEST TRANSACTION
control field 20230912114947.0
010 ## - LCCN (DPL NO)
LC control number ENG-137822
020 ## - INTERNATIONAL STANDARD BOOK NUMBER
International Standard Book Number 9788177420906
Terms of availability 2500.00
035 ## - SYSTEM CONTROL NUMBER
System control number EN-121354
037 ## - SOURCE OF ACQUISITION
Source of stock number/acquisition DBAD / PUB
082 ## - DEWEY DECIMAL CLASSIFICATION NUMBER
Classification number 250
100 ## - MAIN ENTRY--PERSONAL NAME
Personal name Chandra,Lokesh
245 ## - TITLE STATEMENT
Title Life of Lord Buddha from Chinese Sutras Illustrated in Ming Woodcuts/
Statement of responsibility, etc by Lokesh Chandra and Sushama Lohia
260 ## - PUBLICATION, DISTRIBUTION, ETC. (IMPRINT)
Place of publication, distribution, etc New Delhi
Name of publisher, distributor, etc International Academy of Indian Culture and Aditya Prakashan
Date of publication, distribution, etc 2010
270 ## - ADDRESS
Address 2/18, Ansari Road
City New Delhi
Postal code 110002
300 ## - PHYSICAL DESCRIPTION
Extent 463p.
Dimensions 28cm(Hb)
500 ## - GENERAL NOTE
General note Compiled by Monk Pao-ch'eng from Chinese Sutras and illustrated in woodcuts in the Ming period
700 ## - ADDED ENTRY--PERSONAL NAME
Personal name Lohia,Sushama
9 (RLIN) 56348
942 ## - ADDED ENTRY ELEMENTS (KOHA)
Source of classification or shelving scheme Dewey Decimal Classification
Item type English Books
Call number suffix CHA
Classification part 250
Holdings
Withdrawn status Lost status Not for loan Collection code Home library Current library Date acquired Source of acquisition Cost, normal purchase price Full call number Barcode Copy number Cost, replacement price Koha item type
    Not For Loan Non-fiction D.B.Act.Division Central Library 21/08/2023 DBAD/PUB 2500.00 250 CHA EN-121354 1 2500.00 English Books

© Delhi Public Library
Hit Counter
free hit counter